[Event "Chioggia op-A 07th"]
[Site "Chioggia"]
[Date "2012.10.14"]
[Round "4"]
[White "Boscolo, Max"]
[Black "Boscolo Meneguolo, Federico"]
[Result "0-1"]
[WhiteElo "1982"]
[BlackElo "2320"]
[PlyCount "34"]
[EventDate "2012.10.12"]
[EventType "swiss"]
[EventRounds "5"]
[EventCountry "ITA"]
[SourceTitle "EXT 2014"]
[Source "ChessBase"]
[SourceDate "2013.11.20"]
[SourceVersion "1"]
[SourceVersionDate "2013.11.20"]
[SourceQuality "1"]

1. Nf3 g6 2. g3 Bg7 3. d4 Nf6 4. Bg2 0-0 5. 0-0 d6 6. c4 Nc6 7. Nc3 Rb8 8. e4 Bg4 9. h3 Bxf3 10. Bxf3 e5 11. d5 Nd4 12. Bg2 c5 13. dxc6 bxc6 14. b3 Nd7 15. Be3 Nc5 16. f4 Qa5 17. Qd2 Qxc3 0-1

[Event "Chioggia op-A 07th"]
[Site "Chioggia"]
[Date "2012.10.14"]
[Round "5"]
[White "Resch, Aaron"]
[Black "Boscolo, Max"]
[Result "1-0"]
[WhiteElo "1666"]
[BlackElo "1982"]
[PlyCount "107"]
[EventDate "2012.10.12"]
[EventType "swiss"]
[EventRounds "5"]
[EventCountry "ITA"]
[SourceTitle "EXT 2014"]
[Source "ChessBase"]
[SourceDate "2013.11.20"]
[SourceVersion "1"]
[SourceVersionDate "2013.11.20"]
[SourceQuality "1"]

1. e4 d6 2. d4 Nf6 3. Nc3 g6 4. h3 c6 5. Nf3 Bg7 6. Be3 Qa5 7. Qd2 Nbd7 8. Bc4 b5 9. Bd3 Nb6 10. 0-0 Nc4 11. Bxc4 bxc4 12. Bh6 Bxh6 13. Qxh6 Qh5 14. Qxh5 Nxh5 15. Nd2 Rb8 16. Rab1 Nf4 17. Rfe1 Be6 18. Nd1 0-0 19. Ne3 c3 20. bxc3 Rxb1 21. Rxb1 Ne2+ 22. Kf1 Nxc3 23. Rb7 Bxa2 24. Rxa7 e5 25. dxe5 dxe5 26. Rc7 Rd8 27. Rxc6 Nd1 28. Nxd1 Rxd2 29. Ke1 Rd4 30. f3 Kg7 31. Nc3 Be6 32. Rc5 Kf6 33. Nd5+ Kg5 34. Nc7 Kf4 35. Nxe6+ fxe6 36. Ke2 Ra4 37. Kf2 Rd4 38. g3+ Kg5 39. Ke3 Kf6 40. Rxe5 Rd1 41. Rc5 Rh1 42. h4 Rg1 43. Kf4 h6 44. g4 Ke7 45. Rc7+ Kd6 46. Rg7 e5+ 47. Ke3 g5 48. hxg5 hxg5 49. Rxg5 Rc1 50. Rg6+ Kc5 51. Re6 Rxc2 52. Rxe5+ Kd6 53. Rd5+ Ke6 54. f4 1-0

[Event "Chioggia op-A 07th"]
[Site "Chioggia"]
[Date "2012.10.12"]
[Round "1"]
[White "Dragojlovic, Andjelko"]
[Black "Boscolo, Max"]
[Result "1-0"]
[WhiteElo "2350"]
[BlackElo "1982"]
[PlyCount "60"]
[EventDate "2012.10.12"]
[EventType "swiss"]
[EventRounds "5"]
[EventCountry "ITA"]
[SourceTitle "EXT 2014"]
[Source "ChessBase"]
[SourceDate "2013.11.20"]
[SourceVersion "1"]
[SourceVersionDate "2013.11.20"]
[SourceQuality "1"]

1. e4 g6 2. h4 Bg7 3. h5 d5 4. exd5 Qxd5 5. Nc3 Qd8 6. Bc4 Nc6 7. d3 Ne5 8. Bb3 gxh5 9. Qxh5 Ng6 10. Nf3 Nf6 11. Qh2 c6 12. Ng5 e6 13. Bd2 Nd5 14. Nge4 Be5 15. g3 Qc7 16. 0-0-0 Bd7 17. Bg5 h6 18. Bh4 Nxh4 19. Qxh4 Qd8 20. d4 Nxc3 21. bxc3 Qxh4 22. Rxh4 Bc7 23. Rdh1 0-0-0 24. Rxh6 Rxh6 25. Rxh6 Rf8 26. Rh7 Kd8 27. Kd2 Ke7 28. Ke3 Rg8 29. f4 Ba5 30. Ng5 Be8 1-0

[Event "Cavarzere op 14th"]
[Site "Cavarzere"]
[Date "2011.10.22"]
[Round "4.4"]
[White "Penzo, Amleto"]
[Black "Boscolo, Max"]
[Result "0-1"]
[WhiteElo "1821"]
[BlackElo "2002"]
[PlyCount "76"]
[EventDate "2011.10.15"]
[EventType "swiss"]
[EventRounds "6"]
[EventCountry "ITA"]
[SourceTitle "EXT 2023"]
[Source "ChessBase"]
[SourceDate "2022.10.05"]
[SourceVersion "1"]
[SourceVersionDate "2022.10.05"]
[SourceQuality "1"]

1. d4 Nf6 2. c4 g6 3. Nc3 Bg7 4. e4 d6 5. f3 0-0 6. Be3 Nc6 7. Nge2 a6 8. Ng3 e5 9. d5 Nd4 10. Bd3 c5 11. 0-0 h5 12. Nh1 Bd7 13. Qd2 b5 14. cxb5 axb5 15. Bxd4 exd4 16. Nxb5 Qb8 17. a4 Kh7 18. Nf2 Bh6 19. Qe2 Re8 20. Kh1 Nxd5 21. Bc4 Ne3 22. Rfb1 d5 23. Bb3 c4 24. Bd1 d3 25. Nxd3 cxd3 26. Qxd3 Be6 27. Nd4 dxe4 28. fxe4 Rd8 29. Qc3 Rc8 30. Qe1 Qe5 31. Nxe6 Qxe6 32. Bf3 Nc2 33. Qf2 Nxa1 34. Rxa1 Rxa4 35. Re1 Ra2 36. h3 Rc1 37. Rxc1 Bxc1 38. Qc2 Bxb2 0-1

[Event "Cavarzere op 14th"]
[Site "Cavarzere"]
[Date "2011.10.16"]
[Round "2.10"]
[White "Ferlini, Claudio"]
[Black "Boscolo, Max"]
[Result "0-1"]
[WhiteElo "1308"]
[BlackElo "2002"]
[PlyCount "84"]
[EventDate "2011.10.15"]
[EventType "swiss"]
[EventRounds "6"]
[EventCountry "ITA"]
[SourceTitle "EXT 2023"]
[Source "ChessBase"]
[SourceDate "2022.10.05"]
[SourceVersion "1"]
[SourceVersionDate "2022.10.05"]
[SourceQuality "1"]

1. Nf3 Nf6 2. g3 g6 3. Bg2 Bg7 4. d4 0-0 5. 0-0 d6 6. Bg5 h6 7. Be3 Nbd7 8. c4 c6 9. Nc3 e5 10. d5 c5 11. Nd2 a6 12. Qc2 Rb8 13. Bh3 Nb6 14. Bg2 Ng4 15. Nce4 f5 16. Bxc5 dxc5 17. Nxc5 e4 18. h3 Ne5 19. Rab1 Qc7 20. Ne6 Bxe6 21. dxe6 Kh8 22. b3 Qe7 23. Rbc1 Qxe6 24. f4 Nc6 25. e3 Nb4 26. Qb1 Rbd8 27. Rcd1 Rd7 28. a3 Nd3 29. Qc2 Rfd8 30. Nb1 Qf6 31. Rd2 Qe7 32. b4 Qf7 33. c5 Nd5 34. Re2 a5 35. Nd2 axb4 36. axb4 Nc3 37. Ref2 Nxf2 38. Rxf2 Rd3 39. Nf1 Qc4 40. Kh1 Qxb4 41. Qb2 Qxc5 42. Qc1 Rd1 0-1

[Event "Chioggia op-A 06th"]
[Site "Chioggia"]
[Date "2011.10.08"]
[Round "2"]
[White "Boscolo, Max"]
[Black "Boscolo Meneguolo, Federico"]
[Result "0-1"]
[WhiteElo "2002"]
[BlackElo "2225"]
[PlyCount "28"]
[EventDate "2011.10.07"]
[EventType "swiss"]
[EventRounds "5"]
[EventCountry "ITA"]
[SourceTitle "EXT 2022"]
[Source "ChessBase"]
[SourceDate "2021.10.06"]
[SourceVersion "1"]
[SourceVersionDate "2021.10.06"]
[SourceQuality "1"]

1. Nf3 d6 2. d4 Nf6 3. g3 g6 4. Bg2 Bg7 5. 0-0 0-0 6. c4 Nc6 7. Nc3 Bf5 8. b3 e5 9. d5 Ne7 10. Bb2 Qd7 11. Rc1 e4 12. Nd4 Bh3 13. Ne6 Bxg2 14. Nxf8 Qh3 0-1

[Event "Chioggia op-A 06th"]
[Site "Chioggia"]
[Date "2011.10.08"]
[Round "3"]
[White "Omeri, Silvan"]
[Black "Boscolo, Max"]
[Result "1-0"]
[WhiteElo "2199"]
[BlackElo "2002"]
[PlyCount "73"]
[EventDate "2011.10.07"]
[EventType "swiss"]
[EventRounds "5"]
[EventCountry "ITA"]
[SourceTitle "EXT 2022"]
[Source "ChessBase"]
[SourceDate "2021.10.06"]
[SourceVersion "1"]
[SourceVersionDate "2021.10.06"]
[SourceQuality "1"]

1. c4 Nf6 2. d4 g6 3. Nc3 Bg7 4. e4 d6 5. f3 0-0 6. Be3 b6 7. Bd3 c5 8. Nge2 Nc6 9. d5 Ne5 10. 0-0 a6 11. a4 Rb8 12. b3 Ne8 13. Bc2 Nc7 14. h3 b5 15. axb5 axb5 16. f4 Nd7 17. cxb5 Nxb5 18. Nxb5 Bxa1 19. Nxd6 Bg7 20. Nxc8 Rxc8 21. Bd3 Ra8 22. Bb5 Ra5 23. Qd3 Qc7 24. Rc1 Rb8 25. Bxd7 Qxd7 26. Bxc5 Bb2 27. Rc4 Qb7 28. b4 Ra3 29. Qc2 Bg7 30. Bd4 Rba8 31. Bxg7 Kxg7 32. Nd4 Qb6 33. Kh2 Qf6 34. Qf2 Ra2 35. Qg3 R2a3 36. Nf5+ Kf8 37. Qxa3 1-0

[Event "Chioggia op-A 05th"]
[Site "Chioggia"]
[Date "2010.10.10"]
[Round "5"]
[White "Boscolo, Max"]
[Black "Tomio, Dante"]
[Result "0-1"]
[WhiteElo "1955"]
[BlackElo "1949"]
[PlyCount "46"]
[EventDate "2010.10.08"]
[EventType "swiss"]
[EventRounds "5"]
[EventCountry "ITA"]
[SourceTitle "EXT 2022"]
[Source "ChessBase"]
[SourceDate "2021.10.06"]
[SourceVersion "1"]
[SourceVersionDate "2021.10.06"]
[SourceQuality "1"]

1. g3 d5 2. Bg2 Nf6 3. c4 c6 4. Nf3 Bg4 5. 0-0 e6 6. b3 Nbd7 7. Bb2 Bd6 8. d4 Bxf3 9. Bxf3 0-0 10. cxd5 exd5 11. Qd3 Re8 12. a4 a5 13. Na3 Qe7 14. Nc2 Ne4 15. Bg2 Qg5 16. Rae1 h5 17. Bc1 Qe7 18. Bf4 Bxf4 19. gxf4 Qh4 20. Bxe4 Rxe4 21. e3 Qg4+ 22. Kh1 Qf3+ 23. Kg1 Rxf4 0-1

[Event "Chioggia op-A 05th"]
[Site "Chioggia"]
[Date "2010.10.08"]
[Round "1"]
[White "Boscolo, Max"]
[Black "Djuric, Stefan"]
[Result "0-1"]
[WhiteElo "1955"]
[BlackElo "2429"]
[PlyCount "114"]
[EventDate "2010.10.08"]
[EventType "swiss"]
[EventRounds "5"]
[EventCountry "ITA"]
[SourceTitle "EXT 2022"]
[Source "ChessBase"]
[SourceDate "2021.10.06"]
[SourceVersion "1"]
[SourceVersionDate "2021.10.06"]
[SourceQuality "1"]

1. g3 g6 2. Bg2 Bg7 3. Nf3 c5 4. e4 Nc6 5. 0-0 Nf6 6. d3 0-0 7. Nbd2 d6 8. a4 e5 9. Nc4 h6 10. Ne1 Be6 11. f4 exf4 12. Bxf4 d5 13. exd5 Nxd5 14. Bd2 Qd7 15. c3 Rad8 16. a5 Rfe8 17. Qa4 Bh3 18. Rf2 Bxg2 19. Nxg2 Nc7 20. Raf1 Re7 21. Bf4 Ne8 22. Qb5 Ne5 23. Qxd7 Nxd7 24. Re1 Rxe1+ 25. Nxe1 Nf8 26. Be5 Bxe5 27. Nxe5 Nd6 28. Nc2 Nd7 29. Nxd7 Rxd7 30. Re2 Nf5 31. g4 Nh4 32. Re3 f5 33. Rh3 g5 34. gxf5 Rd5 35. d4 cxd4 36. Nxd4 Rxa5 37. Re3 Nxf5 38. Nxf5 Rxf5 39. Re8+ Kf7 40. Rc8 Kg6 41. Rg8+ Kh5 42. Rg7 Rb5 43. b4 Kg4 44. Kg2 h5 45. Rh7 Kh4 46. Re7 g4 47. Rg7 a5 48. bxa5 Rb2+ 49. Kg1 Kh3 50. Rh7 h4 51. Rg7 Rg2+ 52. Kh1 Rxh2+ 53. Kg1 Rb2 54. c4 g3 55. Kf1 g2+ 56. Kg1 Rb1+ 57. Kf2 Rf1+ 0-1

[Event "Chioggia op-A 03rd"]
[Site "Chioggia"]
[Date "2008.10.12"]
[Round "4"]
[White "Gallo, Enrico"]
[Black "Boscolo, Max"]
[Result "0-1"]
[WhiteElo "2063"]
[BlackElo "1940"]
[PlyCount "126"]
[EventDate "2008.10.10"]
[EventType "swiss"]
[EventRounds "5"]
[EventCountry "ITA"]
[SourceTitle "EXT 2022"]
[Source "ChessBase"]
[SourceDate "2021.10.06"]
[SourceVersion "1"]
[SourceVersionDate "2021.10.06"]
[SourceQuality "1"]

1. e4 d6 2. d4 Nf6 3. Nc3 g6 4. Bg5 c6 5. Bc4 Bg7 6. e5 dxe5 7. dxe5 Qxd1+ 8. Rxd1 Ng4 9. e6 Bxe6 10. Bxe6 fxe6 11. Nge2 Nd7 12. 0-0 e5 13. Rfe1 Nc5 14. h3 Nh6 15. f4 Nf5 16. fxe5 Ne6 17. Bf4 0-0 18. Rd7 g5 19. Bh2 Nc5 20. Rc7 Rac8 21. Rxc8 Rxc8 22. Ng3 Nd4 23. Nge4 Nce6 24. Rd1 h6 25. Rd2 Rd8 26. Nd1 Nxc2 27. Rxd8+ Nxd8 28. Nc5 b6 29. Nd3 Kf7 30. Kf2 Ke6 31. Kf3 Kd5 32. Nc3+ Kd4 33. Ke2 Kc4 34. Kd2 Na1 35. b3+ Nxb3+ 36. axb3+ Kxb3 37. Bg1 Ne6 38. Nd1 Kc4 39. Ne3+ Kb5 40. Nf5 Bf8 41. Nd4+ Nxd4 42. Bxd4 Kc4 43. Ke3 c5 44. Ba1 Kd5 45. Nf2 Bg7 46. Kd3 b5 47. Ng4 c4+ 48. Kd2 a5 49. Ne3+ Ke4 50. g4 Bxe5 51. Bxe5 Kxe5 52. Nf5 h5 53. Nxe7 hxg4 54. hxg4 Kf4 55. Nc6 Kxg4 56. Nxa5 Kh3 57. Ke2 g4 58. Kf2 Kh2 59. Nc6 g3+ 60. Ke2 g2 61. Nd4 g1Q 62. Nf3+ Kg2 63. Nxg1 Kxg1 0-1

[Event "Chioggia op-A 03rd"]
[Site "Chioggia"]
[Date "2008.10.11"]
[Round "2"]
[White "Bernardi, Ruben"]
[Black "Boscolo, Max"]
[Result "1-0"]
[WhiteElo "2154"]
[BlackElo "1940"]
[PlyCount "47"]
[EventDate "2008.10.10"]
[EventType "swiss"]
[EventRounds "5"]
[EventCountry "ITA"]
[SourceTitle "EXT 2022"]
[Source "ChessBase"]
[SourceDate "2021.10.06"]
[SourceVersion "1"]
[SourceVersionDate "2021.10.06"]
[SourceQuality "1"]

1. e4 g6 2. f4 d5 3. e5 h5 4. d4 Nh6 5. Nf3 Bf5 6. c4 c6 7. cxd5 Bxb1 8. Rxb1 Qxd5 9. Qc2 e6 10. Bc4 Bb4+ 11. Ke2 Qd7 12. Rd1 Nf5 13. a3 Be7 14. g3 0-0 15. Kf2 a5 16. h3 Na6 17. g4 hxg4 18. hxg4 Nh6 19. Rh1 Kg7 20. Rxh6 Kxh6 21. f5+ Kg7 22. f6+ Bxf6 23. Bh6+ Kxh6 24. exf6 1-0

[Event "Chioggia op-A 02nd"]
[Site "Chioggia"]
[Date "2007.05.18"]
[Round "1"]
[White "Boscolo, Max"]
[Black "Vianello, Enrico"]
[Result "0-1"]
[WhiteElo "1937"]
[BlackElo "2127"]
[PlyCount "74"]
[EventDate "2007.05.18"]
[EventType "swiss"]
[EventRounds "5"]
[EventCountry "ITA"]
[SourceTitle "EXT 2022"]
[Source "ChessBase"]
[SourceDate "2021.10.06"]
[SourceVersion "1"]
[SourceVersionDate "2021.10.06"]
[SourceQuality "1"]

1. Nf3 d5 2. g3 Nf6 3. Bg2 Bf5 4. 0-0 e6 5. d3 Be7 6. Nbd2 h6 7. Qe1 0-0 8. e4 Bh7 9. Ne5 c5 10. Qe2 Nc6 11. Nxc6 bxc6 12. e5 Nd7 13. f4 c4 14. g4 cxd3 15. cxd3 Qb6+ 16. Kh1 Qd4 17. Rf3 Nc5 18. Nb3 Nxb3 19. axb3 Rfb8 20. Ra4 Rb4 21. Qc2 Rxa4 22. bxa4 c5 23. Qb3 Qb4 24. Qxb4 cxb4 25. f5 Rc8 26. Rf1 Rc2 27. Be3 a6 28. Rc1 b3 29. Bf3 d4 30. Bf4 exf5 31. gxf5 Bxf5 32. Bd5 Be6 33. Bxe6 fxe6 34. Kg1 Kf7 35. Kf1 Rxb2 36. Rc7 Rc2 37. Rb7 b2 0-1

[Event "Chioggia op 1st"]
[Site "Chioggia"]
[Date "2006.01.28"]
[Round "1"]
[White "Boscolo, Max"]
[Black "Doro, Fulvio"]
[Result "1-0"]
[WhiteElo "2000"]
[BlackElo "1691"]
[PlyCount "87"]
[EventDate "2006.01.28"]
[EventType "swiss"]
[EventRounds "6"]
[EventCountry "ITA"]
[SourceTitle "EXT 2022"]
[Source "ChessBase"]
[SourceDate "2021.10.06"]
[SourceVersion "1"]
[SourceVersionDate "2021.10.06"]
[SourceQuality "1"]

1. d4 Nf6 2. c4 c5 3. d5 b5 4. cxb5 a6 5. bxa6 Bxa6 6. Nc3 g6 7. g3 Bg7 8. Bg2 d6 9. Nf3 Nbd7 10. 0-0 Nb6 11. Rb1 Bc4 12. Nd2 Bxa2 13. Nxa2 Rxa2 14. Qb3 Ra4 15. Qb5+ Nfd7 16. b4 cxb4 17. Nc4 Ra2 18. Bg5 Nxc4 19. Qxc4 Ra8 20. Rxb4 0-0 21. Qh4 f6 22. Be3 Rb8 23. Rfb1 Qa5 24. Rxb8 Rxb8 25. Rxb8+ Nxb8 26. Qe4 Qa1+ 27. Bf1 Qe5 28. Qa4 Kf7 29. Qb5 Nd7 30. Qxd7 Qxd5 31. Qh3 h5 32. Qg2 Qc4 33. Qf3 d5 34. Bg2 e6 35. Qf4 Qxe2 36. Qc7+ Kg8 37. Qa7 Qd1+ 38. Bf1 Qg4 39. Bc5 Kh7 40. Qf7 Kh6 41. Qg8 d4 42. h4 e5 43. Bf8 Qd7 44. Qh8# 1-0

[Event "ITA Universities-chT 3rd"]
[Site "Asiago"]
[Date "1995.09.08"]
[Round "5.2"]
[White "Fontana, Enrico"]
[Black "Boscolo, Max"]
[Result "1-0"]
[WhiteElo "1836"]
[BlackElo "1876"]
[PlyCount "110"]
[EventDate "1995.09.06"]
[EventType "team-swiss"]
[EventRounds "5"]
[EventCountry "ITA"]
[SourceTitle "EXT 2023"]
[Source "ChessBase"]
[SourceDate "2022.10.05"]
[SourceVersion "1"]
[SourceVersionDate "2022.10.05"]
[SourceQuality "1"]
[WhiteTeam "Udine"]
[BlackTeam "Padova"]
[WhiteTeamCountry "ITA"]
[BlackTeamCountry "ITA"]

1. e4 c6 2. d4 d5 3. Nc3 g6 4. Nf3 Bg7 5. Be2 Nh6 6. 0-0 dxe4 7. Nxe4 Bg4 8. c3 Bxf3 9. Bxf3 Nf5 10. Bf4 Nd7 11. Re1 0-0 12. Ng3 Nxg3 13. Bxg3 e6 14. Qb3 Qb6 15. h4 h5 16. Re2 Rfd8 17. Qc2 Nf6 18. Be5 Rd7 19. Rae1 Rad8 20. Qc1 Re8 21. Qg5 Qd8 22. Qg3 Kh7 23. Be4 Nxe4 24. Rxe4 Bxe5 25. Rxe5 Qf6 26. R1e4 Red8 27. Rf4 Qg7 28. Qf3 Kg8 29. Rfe4 Rd5 30. Qf4 R5d6 31. Re3 Kh8 32. Rg3 Qh7 33. Qf6+ Kg8 34. Rxe6 R6d7 35. Re5 Qh6 36. Rge3 Kh7 37. Re7 Qg7 38. Qf4 a6 39. R3e5 Kg8 40. a4 Kh7 41. Kf1 Kg8 42. Re8+ Rxe8 43. Rxe8+ Kh7 44. Qe5 Qxe5 45. Rxe5 Kg7 46. Ke2 Kf6 47. a5 Rc7 48. Kd3 Rd7 49. Kc4 Rc7 50. Kc5 Rd7 51. b4 Kg7 52. d5 f6 53. dxc6 Rc7 54. Re6 Kf7 55. Rd6 Ke7 1-0